[Event "XXVI Ogolnopolska Olimpiada Mlodziezy"]
[Site "Pulawy"]
[Date "2020.10.09"]
[Round "8.6"]
[White "Moczala, Maja"]
[Black "Sprzeczka, Emilia"]
[Result "0-1"]
[WhiteElo "1252"]
[BlackElo "1488"]
[PlyCount "180"]
[EventDate "2020.10.04"]
[EventType "swiss"]
[Tiebreak "Sum of Buchholz+Median1 Buchholz+Sonneborn-Berger (Swiss)"]

1. e4 e5 2. Nf3 Nc6 3. Nc3 Nf6 4. d4 exd4 5. Nxd4 Bb4 6. Nxc6 bxc6 7. Bd3 d5 8.
exd5 cxd5 9. O-O O-O 10. Bg5 c6 11. Qf3 Be7 12. h3 h6 13. Bf4 Be6 14. Rfe1 Bd6
15. Ne2 c5 16. b3 Re8 17. c4 d4 18. Bxd6 Qxd6 19. Ng3 Qd7 20. Ne4 Nxe4 21. Bxe4
Rac8 22. Rad1 a5 23. Bb7 Rc7 24. Ba6 Qd8 25. Bb5 Bd7 26. Bxd7 Qxd7 27. Qg4 Qd8
28. Rxe8+ Qxe8 29. Kf1 Re7 30. Qf5 Re5 31. Qd3 f6 32. Qd2 a4 33. Rb1 axb3 34.
Rxb3 Qa4 35. Qc2 Qe8 36. Qd2 Qe6 37. Rb8+ Kh7 38. Qd3+ f5 39. Rb1 Re4 40. a4
Qa6 41. Qb3 Qa5 42. Kg1 Re1+ 43. Kh2 Qc7+ 44. g3 Re6 45. Qf3 Qe5 46. a5 Ra6 47.
Rb5 Qe4 48. Qxe4 fxe4 49. Rxc5 Rd6 50. a6 Rxa6 51. Rd5 d3 52. Rd4 Re6 53. Kg2
Kg6 54. Rd5 Kf6 55. Kf1 Re5 56. Rd4 Kf5 57. Ke1 Ra5 58. Kd2 Ra2+ 59. Ke1 Ra1+
60. Kd2 Ra5 61. Rd8 Ra2+ 62. Ke1 Rc2 63. Rd7 Rxc4 64. Rxg7 Ke5 65. Rd7 Rc2 66.
Rd8 Rc1+ 67. Kd2 Rf1 68. Re8+ Kf5 69. Rf8+ Ke5 70. Re8+ Kd4 71. Rd8+ Kc4 72.
Rc8+ Kd5 73. Rd8+ Kc6 74. Rf8 Ra1 75. Rf6+ Kd5 76. Rxh6 Ra2+ 77. Ke1 Kd4 78.
Rd6+ Kc3 79. Rc6+ Kb2 80. Re6 Kc1 81. Rd6 d2+ 82. Rxd2 Rxd2 83. h4 e3 84. fxe3
Rg2 85. e4 Rxg3 86. Kf2 Rg4 87. Kf3 Rxh4 88. e5 Kd2 89. e6 Kd3 90. e7 Re4 0-1

[Event "XXVI Ogolnopolska Olimpiada Mlodziezy"]
[Site "Pulawy"]
[Date "2020.10.09"]
[Round "8.6"]
[White "Raczek, Krzysztof"]
[Black "Grzebieniowski, Michal"]
[Result "1-0"]
[WhiteElo "1782"]
[BlackElo "1588"]
[PlyCount "97"]
[EventDate "2020.10.04"]
[EventType "swiss"]
[Tiebreak "Sum of Buchholz+Median1 Buchholz+Sonneborn-Berger (Swiss)"]

1. e4 c6 2. d4 d5 3. exd5 cxd5 4. Bd3 Nc6 5. c3 Nf6 6. h3 e6 7. Nf3 Bd6 8. O-O
O-O 9. Re1 h6 10. Nbd2 Qc7 11. Qe2 a6 12. Ne5 b5 13. a3 Bd7 14. Ndf3 Rab8 15.
Bc2 a5 16. Ng4 Nxg4 17. hxg4 Bf4 18. g5 hxg5 19. Nxg5 Bxg5 20. Qh5 f5 21. Qxg5
Qd8 22. Qg3 Qf6 23. Bf4 Rbc8 24. Bd3 Ne7 25. Bg5 Qf7 26. Bxe7 Qxe7 27. Qe5 Qf7
28. Re3 Qf6 29. Qd6 Qd8 30. Rae1 Rc6 31. Qh2 Rc8 32. Rh3 Qg5 33. Qd6 Qd8 34.
Ree3 Qc7 35. Rxe6 Bxe6 36. Qxe6+ Qf7 37. Bxf5 Rfe8 38. Qxf7+ Kxf7 39. Bxc8 Rxc8
40. Rh5 Rd8 41. Re5 Kf6 42. f4 Kf7 43. Kf2 Kf6 44. Kf3 Kf7 45. Kg4 Kf6 46. f5
Kf7 47. Kg5 Rd6 48. Re6 Rd7 49. Rb6 1-0

[Event "XXVI Ogolnopolska Olimpiada Mlodziezy"]
[Site "Pulawy"]
[Date "2020.10.09"]
[Round "8.6"]
[White "Wiatrowski, Zbigniew"]
[Black "Jeda, Maciej"]
[Result "1-0"]
[WhiteElo "1849"]
[BlackElo "1768"]
[PlyCount "131"]
[EventDate "2020.10.04"]
[EventType "swiss"]
[Tiebreak "Sum of Buchholz+Median1 Buchholz+Sonneborn-Berger (Swiss)"]

1. e4 g6 2. d4 Bg7 3. Nc3 d6 4. Nge2 Nf6 5. g3 O-O 6. Bg2 e5 7. O-O Nc6 8. dxe5
Nxe5 9. f4 Nc6 10. h3 Nd7 11. Be3 Nb6 12. Bf2 Re8 13. Rb1 Be6 14. Nd4 Qd7 15.
Nxe6 Qxe6 16. Nd5 Qd7 17. c3 Ne7 18. Nxe7+ Qxe7 19. Re1 c6 20. Qb3 Qc7 21. Rbd1
Rad8 22. a4 Nc8 23. Rd2 Rd7 24. Red1 Rde7 25. Bd4 Qa5 26. Qc2 Bxd4+ 27. Rxd4
Nb6 28. g4 d5 29. e5 Nc4 30. b4 Qc7 31. Qc1 f6 32. exf6 Re6 33. Bf1 Ne3 34. Re1
Nxf1 35. Rxe6 Rxe6 36. Kxf1 Rxf6 37. c4 dxc4 38. Qxc4+ Kg7 39. Kg2 Rf7 40. Qc3
Kg8 41. Qd2 Qe7 42. Kg3 h6 43. Qd3 Kh7 44. Rd6 Rg7 45. f5 Qe5+ 46. Kf3 gxf5 47.
Qxf5+ Qxf5+ 48. gxf5 Rc7 49. Kf4 c5 50. bxc5 Rxc5 51. Rd7+ Kg8 52. Rxb7 Rc4+
53. Ke5 Rxa4 54. Kf6 Ra6+ 55. Ke7 Kg7 56. Rb3 Ra4 57. f6+ Kg6 58. Rg3+ Kh7 59.
Re3 Rb4 60. f7 Rb7+ 61. Kf6 Rb6+ 62. Re6 Rb8 63. Re8 Rb6+ 64. Ke5 Rb5+ 65. Kd4
Rb4+ 66. Kc3 1-0

[Event "XXVI Ogolnopolska Olimpiada Mlodziezy"]
[Site "Pulawy"]
[Date "2020.10.09"]
[Round "8.7"]
[White "Dallemura, Julia"]
[Black "Nieckarz, Maja"]
[Result "0-1"]
[WhiteElo "1133"]
[BlackElo "1426"]
[PlyCount "106"]
[EventDate "2020.10.04"]
[EventType "swiss"]
[Tiebreak "Sum of Buchholz+Median1 Buchholz+Sonneborn-Berger (Swiss)"]

1. e4 c5 2. Nf3 d6 3. d4 cxd4 4. Nxd4 Nf6 5. Nc3 g6 6. Bb5+ Bd7 7. Bxd7+ Qxd7
8. O-O Bg7 9. Kh1 Nc6 10. Nxc6 bxc6 11. f3 O-O 12. Rb1 a5 13. a4 Rfb8 14. b3
Qc7 15. Bb2 Rd8 16. Qe2 e6 17. Rfe1 d5 18. exd5 Nxd5 19. Nxd5 cxd5 20. Bxg7
Kxg7 21. Qe5+ Qxe5 22. Rxe5 Rdc8 23. Re2 Rc3 24. Rd2 Rac8 25. Rb2 Kf6 26. Kg1
Ke5 27. Kf2 f5 28. Re2+ Kd4 29. b4 Rb8 30. b5 Rb6 31. Ra2 e5 32. g3 e4 33. fxe4
fxe4 34. Kg2 e3 35. Ra1 Kc4 36. Kf3 Rf6+ 37. Kg2 d4 38. h4 Kb4 39. Rd1 Kxa4 40.
Rxd4+ Kxb5 41. Rd5+ Kb4 42. Rd4+ Kc5 43. Re4 Rf2+ 44. Rxf2 exf2 45. Ra4 Kb5 46.
Rf4 Rxc2 47. Rf7 a4 48. Rb7+ Kc4 49. Rc7+ Kd3 50. Rd7+ Ke2 51. Re7+ Kd1 52.
Rd7+ Ke1 53. Rf7 f1=Q# 0-1

[Event "XXVI Ogolnopolska Olimpiada Mlodziezy"]
[Site "Pulawy"]
[Date "2020.10.09"]
[Round "8.7"]
[White "Madej, Marek"]
[Black "Wilk, Igor"]
[Result "0-1"]
[WhiteElo "1835"]
[BlackElo "1744"]
[PlyCount "50"]
[EventDate "2020.10.04"]
[EventType "swiss"]
[Tiebreak "Sum of Buchholz+Median1 Buchholz+Sonneborn-Berger (Swiss)"]

1. e4 c6 2. d4 d5 3. e5 c5 4. dxc5 Nc6 5. a3 e6 6. Nf3 a5 7. Be3 Nge7 8. Bd3
Ng6 9. Bxg6 hxg6 10. c4 d4 11. Bxd4 Nxd4 12. Qxd4 Qxd4 13. Nxd4 Bxc5 14. Nb5
Ke7 15. N1c3 Bd7 16. O-O Bc6 17. Rab1 a4 18. Rfe1 Rxh2 19. Kxh2 Bxf2 20. Kh3
Rh8+ 21. Kg4 Rh4+ 22. Kg5 Bxg2 23. Re2 Bf3 24. Rg1 Rh5+ 25. Kf4 Rf5# 0-1

[Event "XXVI Ogolnopolska Olimpiada Mlodziezy"]
[Site "Pulawy"]
[Date "2020.10.09"]
[Round "8.7"]
[White "Pietrzak, Emilia"]
[Black "Szopa, Emilia"]
[Result "1-0"]
[WhiteElo "1398"]
[BlackElo "1790"]
[PlyCount "131"]
[EventDate "2020.10.04"]
[EventType "swiss"]
[Tiebreak "Sum of Buchholz+Median1 Buchholz+Sonneborn-Berger (Swiss)"]

1. e4 c5 2. Nf3 Nc6 3. Bb5 g6 4. Bxc6 bxc6 5. O-O Bg7 6. d3 d6 7. h3 Nf6 8. e5
Nd5 9. exd6 exd6 10. Re1+ Ne7 11. Qe2 h6 12. Na3 Be6 13. Nc4 O-O 14. Bf4 Nf5
15. g4 Bxc4 16. dxc4 Nd4 17. Nxd4 cxd4 18. Qd2 g5 19. Bg3 Qd7 20. Re2 Rfe8 21.
Rae1 Re6 22. Qb4 Rae8 23. Rxe6 Rxe6 24. Rxe6 Qxe6 25. Bxd6 a5 26. Qb8+ Kh7 27.
Bg3 Qxc4 28. Qb3 Qxb3 29. axb3 d3 30. cxd3 Bxb2 31. f4 Kg6 32. f5+ Kf6 33. Kg2
Be5 34. Be1 Bc7 35. Bc3+ Ke7 36. Kf3 f6 37. Ke4 Bd8 38. Kd4 Kd6 39. Kc4 Ke7 40.
d4 Kd6 41. Be1 Bb6 42. Bg3+ Ke7 43. d5 Kd7 44. dxc6+ Kxc6 45. Be1 Bc7 46. Bc3
Bd8 47. Bb2 Be7 48. Ba1 Kd6 49. Bc3 Bd8 50. Kb5 Kd5 51. Bxa5 Be7 52. Bb4 Bd8
53. Bf8 Ke4 54. Bxh6 Kf4 55. Kc6 Kg3 56. Kd7 Ba5 57. Ke6 Kxh3 58. Kxf6 Kxg4 59.
Kg6 Bb4 60. Bxg5 Kf3 61. f6 Ke4 62. Bh6 Kd5 63. f7 Kd4 64. f8=Q Bxf8 65. Bxf8
Kc3 66. b4 1-0

[Event "XXVI Ogolnopolska Olimpiada Mlodziezy"]
[Site "Pulawy"]
[Date "2020.10.09"]
[Round "8.7"]
[White "Rozek, Michal"]
[Black "Zielonka, Adam"]
[Result "1/2-1/2"]
[WhiteElo "1442"]
[BlackElo "1736"]
[PlyCount "95"]
[EventDate "2020.10.04"]
[EventType "swiss"]
[Tiebreak "Sum of Buchholz+Median1 Buchholz+Sonneborn-Berger (Swiss)"]

1. e4 c5 2. Nf3 Nc6 3. c3 Nf6 4. Bd3 Qc7 5. Bc2 d5 6. exd5 Nxd5 7. d4 cxd4 8.
Nxd4 Nxd4 9. Qxd4 e6 10. O-O Bd7 11. Re1 Nf6 12. Bf4 Qc5 13. Qxc5 Bxc5 14. Nd2
O-O 15. Ne4 Be7 16. Rad1 Bc6 17. Nxf6+ Bxf6 18. Be4 Bxe4 19. Rxe4 Rfd8 20. Ree1
Kf8 21. Kf1 Ke7 22. Ke2 Rac8 23. Be3 b6 24. a3 g6 25. f3 Be5 26. g3 Bg7 27.
Bg5+ f6 28. Be3 e5 29. Kf2 Ke6 30. f4 Rxd1 31. Rxd1 e4 32. Bd4 Rc7 33. h4 f5
34. Be3 Rd7 35. Rxd7 Kxd7 36. Bd2 Kc6 37. b3 Kd5 38. a4 Bf8 39. Ke3 Bc5+ 40.
Ke2 a6 41. Be1 Be7 42. Bd2 Kc6 43. Ke3 Bf6 44. Be1 b5 45. axb5+ axb5 46. Bd2 b4
47. c4 Kc5 48. Ke2 1/2-1/2

[Event "XXVI Ogolnopolska Olimpiada Mlodziezy"]
[Site "Pulawy"]
[Date "2020.10.09"]
[Round "8.8"]
[White "Herwy, Jakub"]
[Black "Dziewonski, Dariusz"]
[Result "1-0"]
[WhiteElo "1754"]
[BlackElo "2014"]
[PlyCount "127"]
[EventDate "2020.10.04"]
[EventType "swiss"]
[Tiebreak "Sum of Buchholz+Median1 Buchholz+Sonneborn-Berger (Swiss)"]

1. e4 e6 2. d4 d5 3. Nd2 Nc6 4. c3 Nf6 5. e5 Nd7 6. f4 g6 7. Bd3 Bg7 8. Ndf3
Ne7 9. Ne2 c5 10. Be3 Qc7 11. O-O h5 12. h3 a6 13. a4 b6 14. g4 hxg4 15. hxg4
Bb7 16. b4 c4 17. Bc2 b5 18. axb5 axb5 19. Rxa8+ Bxa8 20. Kg2 Nb6 21. Ng3 Na4
22. Bxa4 bxa4 23. Qxa4+ Bc6 24. Qc2 Qa7 25. Qb2 O-O 26. Ra1 Qb7 27. Kf2 Ra8 28.
Ke2 Ra6 29. Bc1 Bh6 30. Ke3 Qa7 31. Rxa6 Qxa6 32. Qa3 Qxa3 33. Bxa3 Nc8 34. Bc1
Na7 35. Bd2 Nb5 36. Ke2 Bd7 37. f5 Bxd2 38. Kxd2 gxf5 39. gxf5 Kg7 40. Nh5+ Kh6
41. Nf6 Bc6 42. Kc2 Kg7 43. fxe6 fxe6 44. Nd2 Kg6 45. Nb1 Kf5 46. Kb2 Kf4 47.
Na3 Nc7 48. Kc2 Ke3 49. Ng8 Ba4+ 50. Kb2 Kd3 51. Ne7 Bd7 52. Ng6 Be8 53. Nf8
Ke4 54. b5 Bxb5 55. Nxe6 Nxe6 56. Nxb5 Nd8 57. Nc7 Nc6 58. Ka3 Ne7 59. Kb4 Nc6+
60. Kc5 Nxd4 61. cxd4 c3 62. Nxd5 c2 63. Nc3+ Kd3 64. Na2 1-0

[Event "XXVI Ogolnopolska Olimpiada Mlodziezy"]
[Site "Pulawy"]
[Date "2020.10.09"]
[Round "8.8"]
[White "Krasniewski, Maciej"]
[Black "Mulawa, Cyprian"]
[Result "0-1"]
[WhiteElo "1525"]
[BlackElo "1693"]
[PlyCount "143"]
[EventDate "2020.10.04"]
[EventType "swiss"]
[Tiebreak "Sum of Buchholz+Median1 Buchholz+Sonneborn-Berger (Swiss)"]

1. e4 c5 2. Nf3 Nc6 3. d4 cxd4 4. Nxd4 Nf6 5. Nc3 e5 6. Ndb5 d6 7. Bg5 a6 8.
Na3 b5 9. Nd5 Be7 10. Bxf6 Bxf6 11. c3 Bg5 12. Nc2 Rb8 13. Bd3 O-O 14. h4 Bh6
15. g4 Bf4 16. Qf3 Be6 17. Nxf4 Qf6 18. g5 Qxf4 19. Qxf4 exf4 20. Nd4 Ne5 21.
O-O-O Rfc8 22. Kb1 Kf8 23. Be2 Ke7 24. Rhe1 g6 25. a3 Rb6 26. Rd2 Rcb8 27. Red1
Rh8 28. h5 Rg8 29. Rh1 f6 30. hxg6 hxg6 31. gxf6+ Kxf6 32. Rh4 Bf7 33. Rd1 g5
34. Rh6+ Rg6 35. Rdh1 Rb8 36. f3 d5 37. exd5 Bxd5 38. Rxg6+ Kxg6 39. Bd1 Bc4
40. b3 Bd3+ 41. Bc2 Bxc2+ 42. Kxc2 Rf8 43. Re1 Kf6 44. Kd2 Rh8 45. Re2 Rh3 46.
Rf2 Rh1 47. Ne2 Ra1 48. Kc2 Ra2+ 49. Kb1 Rd2 50. Kc1 Rd3 51. Kc2 Rxf3 52. Rxf3
Nxf3 53. c4 bxc4 54. bxc4 Ke5 55. Kd3 Nh4 56. c5 Nf5 57. Nc3 Ne7 58. Ne4 g4 59.
Nf2 Kf5 60. Ke2 g3 61. Nh3 Nc6 62. Ng1 Nd4+ 63. Kf1 f3 64. c6 Ke6 65. Nh3 g2+
66. Kf2 Kd6 67. Ke3 Kxc6 68. Kxd4 f2 69. Nxf2 g1=Q 70. Ke3 Qa1 71. Nd3 Qxa3 72.
Kd4 0-1

[Event "XXVI Ogolnopolska Olimpiada Mlodziezy"]
[Site "Pulawy"]
[Date "2020.10.09"]
[Round "8.8"]
[White "Pawicka, Magdalena"]
[Black "Romejko, Jagoda"]
[Result "1-0"]
[WhiteElo "1775"]
[BlackElo "1257"]
[PlyCount "119"]
[EventDate "2020.10.04"]
[EventType "swiss"]
[Tiebreak "Sum of Buchholz+Median1 Buchholz+Sonneborn-Berger (Swiss)"]

1. e4 e5 2. Nf3 Nc6 3. d4 exd4 4. Nxd4 Nf6 5. Nxc6 bxc6 6. e5 Qe7 7. Qe2 Nd5 8.
h4 d6 9. c4 Nb6 10. exd6 cxd6 11. Be3 Be6 12. Qc2 Rc8 13. Be2 Qd8 14. h5 h6 15.
Nd2 Be7 16. O-O Bg5 17. f4 Bf6 18. Ne4 d5 19. Nxf6+ Qxf6 20. f5 Bd7 21. Bc5 Kd8
22. Qd2 Re8 23. Bxb6+ axb6 24. cxd5 cxd5 25. Ba6 Rc5 26. b4 Rc7 27. Qxd5 Ke7
28. Rad1 Kf8 29. Qd6+ Qxd6 30. Rxd6 b5 31. Rxd7 Rxd7 32. Bxb5 Ra7 33. Bxe8 Kxe8
34. Rf2 Ra4 35. Rb2 Kd7 36. Kf2 Ra3 37. b5 Kc7 38. Re2 Kb6 39. Re7 Kxb5 40.
Rxf7 Rxa2+ 41. Kg3 Ra3+ 42. Kh4 Ra4+ 43. g4 Ra1 44. Rxg7 Rh1+ 45. Kg3 Rg1+ 46.
Kf4 Rf1+ 47. Ke5 Kc5 48. f6 Re1+ 49. Kf5 Kd5 50. Kg6 Re6 51. Re7 Rc6 52. Kxh6
Rxf6+ 53. Kg7 Rf4 54. g5 Rf5 55. Kg6 Rf8 56. h6 Rg8+ 57. Kh5 Kd6 58. Re2 Kd7
59. g6 Rh8 60. g7 1-0

[Event "XXVI Ogolnopolska Olimpiada Mlodziezy"]
[Site "Pulawy"]
[Date "2020.10.09"]
[Round "8.9"]
[White "Gaczol, Julia"]
[Black "Egeman, Emilia"]
[Result "1-0"]
[WhiteElo "1360"]
[BlackElo "1534"]
[PlyCount "69"]
[EventDate "2020.10.04"]
[EventType "swiss"]
[Tiebreak "Sum of Buchholz+Median1 Buchholz+Sonneborn-Berger (Swiss)"]

1. e4 c5 2. Nf3 e6 3. d4 cxd4 4. Nxd4 Nf6 5. Nc3 Nc6 6. Be3 Bb4 7. f3 d5 8.
exd5 Nxd5 9. Nxc6 bxc6 10. Bd2 Bc5 11. Ne4 Ne3 12. Qc1 Nxf1 13. Nxc5 Nxd2 14.
Qxd2 Qh4+ 15. g3 Qf6 16. O-O-O O-O 17. Qe3 Rb8 18. c3 Rb5 19. Rd6 Rb6 20. Rhd1
h6 21. h4 Qe7 22. Qd3 a5 23. Na4 Rb5 24. c4 Rb4 25. a3 Rb7 26. Nc5 Rb6 27. Qe4
Qc7 28. g4 Qb8 29. R1d2 Qa8 30. g5 h5 31. g6 fxg6 32. Qxg6 Qa7 33. Rd7 Bxd7 34.
Rxd7 Qxd7 35. Nxd7 1-0

[Event "XXVI Ogolnopolska Olimpiada Mlodziezy"]
[Site "Pulawy"]
[Date "2020.10.09"]
[Round "8.9"]
[White "Jaworski, Tymon"]
[Black "Karp, Kacper"]
[Result "0-1"]
[WhiteElo "1580"]
[BlackElo "1562"]
[PlyCount "182"]
[EventDate "2020.10.04"]
[EventType "swiss"]
[Tiebreak "Sum of Buchholz+Median1 Buchholz+Sonneborn-Berger (Swiss)"]

1. e4 c5 2. Nf3 e6 3. d3 Nc6 4. Qe2 d6 5. g3 e5 6. Nc3 Bg4 7. Be3 Nd4 8. Bxd4
cxd4 9. Nd5 Ne7 10. Nxe7 Bxe7 11. Bg2 O-O 12. O-O Rc8 13. Qd2 h6 14. h4 Qb6 15.
c3 Bxf3 16. Bxf3 Qa5 17. Rfc1 Kh7 18. Qe1 dxc3 19. bxc3 Bd8 20. Bd1 Bb6 21. Bb3
Rce8 22. Rc2 Qb5 23. Rd1 Qd7 24. Bd5 Qh3 25. d4 f5 26. Qf1 Qg4 27. Qe2 Qh3 28.
Qf1 Qxf1+ 29. Kxf1 exd4 30. cxd4 fxe4 31. Ke2 Re7 32. Rc3 Rf5 33. Bb3 h5 34.
Rc8 d5 35. Rc2 Ref7 36. Ke1 Ba5+ 37. Kf1 Bb6 38. Kg2 Rc7 39. Rxc7 Bxc7 40. Rd2
Ba5 41. Rc2 Bb6 42. Rd2 Kg8 43. Ba4 Rf3 44. Bb3 Rf5 45. Ba4 Rf7 46. Be8 Rc7 47.
Bxh5 Rc4 48. Bd1 Ba5 49. Rb2 Rxd4 50. Bg4 Bb6 51. Bc8 Kf7 52. Bxb7 Ke6 53. Re2
Kd6 54. Bc8 Kc5 55. g4 Rc4 56. Be6 Kd6 57. Bf5 Ke5 58. f3 e3 59. Kg3 d4 60. f4+
Kf6 61. Be4 Rc3 62. g5+ Kf7 63. Bd5+ Kf8 64. Kf3 d3 65. Re1 e2 66. Rh1 Ra3 67.
Bc4 Ba5 68. Kf2 e1=Q+ 69. Rxe1 Bxe1+ 70. Kxe1 Rc3 71. Bb3 Rc1+ 72. Kd2 Rf1 73.
h5 Rxf4 74. h6 g6 75. Be6 Re4 76. Bb3 Rg4 77. h7 Kg7 78. Bg8 Rxg5 79. Kxd3 Rh5
80. Kc4 Rxh7 81. Bxh7 Kxh7 82. Kb5 g5 83. Ka6 g4 84. Kxa7 g3 85. a4 g2 86. a5
g1=Q+ 87. Kb7 Qg2+ 88. Ka7 Qg7+ 89. Ka8 Qc7 90. a6 Kg7 91. a7 Qc8# 0-1

[Event "XXVI Ogolnopolska Olimpiada Mlodziezy"]
[Site "Pulawy"]
[Date "2020.10.09"]
[Round "8.9"]
[White "Malek, Jan"]
[Black "Zeissel, Andrzej"]
[Result "1-0"]
[WhiteElo "1941"]
[BlackElo "1437"]
[PlyCount "93"]
[EventDate "2020.10.04"]
[EventType "swiss"]
[Tiebreak "Sum of Buchholz+Median1 Buchholz+Sonneborn-Berger (Swiss)"]

1. e4 e5 2. Nf3 Nc6 3. d4 exd4 4. Nxd4 Nf6 5. Nxc6 bxc6 6. Bd3 d5 7. O-O Be7 8.
exd5 cxd5 9. Bg5 O-O 10. Nc3 c6 11. Re1 Be6 12. Qf3 Qc7 13. h3 Rae8 14. Ne2 Nd7
15. Bf4 Bd6 16. Qg3 Bxf4 17. Nxf4 Nc5 18. Qg5 Nxd3 19. Nxd3 Bc8 20. Rxe8 Rxe8
21. Re1 Rxe1+ 22. Nxe1 f6 23. Qd2 Bf5 24. b4 Qe5 25. c3 Qe4 26. Kh2 Kf7 27. Nf3
Bd7 28. Nd4 a6 29. Nb3 Qf5 30. Nc5 Bc8 31. f4 h5 32. Kg3 Kg6 33. Qe3 Kh6 34.
Nb3 g5 35. Nd4 h4+ 36. Kf2 Qxf4+ 37. Qxf4 gxf4 38. Nxc6 Bb7 39. Nd4 Kg5 40. Ke2
f5 41. Ne6+ Kf6 42. Nxf4 Bc6 43. Ke3 Kg5 44. Ne6+ Kf6 45. Nd4 Bb7 46. Kf4 Bc8
47. Nf3 1-0

[Event "XXVI Ogolnopolska Olimpiada Mlodziezy"]
[Site "Pulawy"]
[Date "2020.10.09"]
[Round "8.9"]
[White "Zapalowska, Wiktoria"]
[Black "Gladyszewska, Kinga"]
[Result "1/2-1/2"]
[WhiteElo "1209"]
[BlackElo "1359"]
[PlyCount "78"]
[EventDate "2020.10.04"]
[EventType "swiss"]
[Tiebreak "Sum of Buchholz+Median1 Buchholz+Sonneborn-Berger (Swiss)"]

1. e4 e5 2. Nf3 Nc6 3. Bb5 a6 4. Ba4 Nf6 5. d3 d6 6. c3 Be7 7. O-O O-O 8. h3 h6
9. Re1 b5 10. Bc2 Bb7 11. Nbd2 Na7 12. d4 exd4 13. cxd4 Nc6 14. Nf1 Nd7 15. Ng3
Bf6 16. a3 Ne7 17. Rb1 Ng6 18. b4 Nb6 19. Bd3 Na4 20. Qc2 Nh4 21. Nxh4 Bxh4 22.
Nf5 Rc8 23. Bf4 Bg5 24. Bxg5 Qxg5 25. f4 Qd8 26. g4 Kh8 27. h4 g6 28. Nxh6 Qxh4
29. Qh2 Qxh2+ 30. Kxh2 f6 31. Kg3 Kg7 32. g5 fxg5 33. fxg5 Rce8 34. Rb3 Nb6 35.
Rc3 Re7 36. Ng4 Nd5 37. Rcc1 Nf4 38. Bb1 Nh5+ 39. Kg2 Nf4+ 1/2-1/2

[Event "XXVI Ogolnopolska Olimpiada Mlodziezy"]
[Site "Pulawy"]
[Date "2020.10.09"]
[Round "8.10"]
[White "Giemza, Julia"]
[Black "Bialek, Alicja"]
[Result "0-1"]
[WhiteElo "1279"]
[BlackElo "1457"]
[PlyCount "96"]
[EventDate "2020.10.04"]
[EventType "swiss"]
[Tiebreak "Sum of Buchholz+Median1 Buchholz+Sonneborn-Berger (Swiss)"]

1. e4 c5 2. Nf3 d6 3. d4 cxd4 4. Nxd4 Nf6 5. Nc3 g6 6. Be2 Bg7 7. Be3 Nc6 8.
O-O O-O 9. Nb3 Be6 10. f4 Na5 11. Nd4 Bd7 12. h3 Rc8 13. g4 Nc4 14. Bxc4 Rxc4
15. Qd3 Qc8 16. Rad1 h5 17. g5 Bxh3 18. gxf6 Qg4+ 19. Kf2 Bxf6 20. Ke1 Bxf1 21.
Qxf1 Rfc8 22. f5 Rb4 23. Nd5 Qxe4 24. Nxf6+ exf6 25. Qd3 Qxd3 26. Rxd3 Rxb2 27.
Bf4 d5 28. Ra3 a6 29. Rg3 g5 30. Be3 Rxa2 31. Kd2 h4 32. Rg1 Ra3 33. Bf2 Kf8
34. Nb3 Ke8 35. Re1+ Kd8 36. Bb6+ Kd7 37. Bd4 Ra2 38. Nc5+ Kc6 39. Re7 Rc7 40.
Re3 Kd6 41. Bxf6 Kxc5 42. Rc3+ Kd6 43. Be5+ Kxe5 44. Rxc7 f6 45. Rxb7 Kxf5 46.
Rc7 h3 47. Kd3 Ra4 48. Rb7 h2 0-1

[Event "XXVI Ogolnopolska Olimpiada Mlodziezy"]
[Site "Pulawy"]
[Date "2020.10.09"]
[Round "8.10"]
[White "Jedraszek, Pawel"]
[Black "Wojdak, Jan"]
[Result "1-0"]
[WhiteElo "1816"]
[BlackElo "1910"]
[PlyCount "121"]
[EventDate "2020.10.04"]
[EventType "swiss"]
[Tiebreak "Sum of Buchholz+Median1 Buchholz+Sonneborn-Berger (Swiss)"]

1. e4 c5 2. Nf3 Nc6 3. d4 cxd4 4. Nxd4 Nf6 5. Nc3 d6 6. Bc4 e6 7. Be3 a6 8. Qe2
Nxd4 9. Bxd4 b5 10. Bb3 Be7 11. O-O-O Bb7 12. f3 O-O 13. g4 b4 14. Na4 Nd7 15.
Qf2 Bc6 16. Nb6 Rb8 17. Nxd7 Qxd7 18. Kb1 a5 19. Bc4 a4 20. b3 Bb5 21. Bxb5
Qxb5 22. Bb2 axb3 23. cxb3 Ra8 24. Rd2 Qa5 25. Ba1 Rfc8 26. Rhd1 Rc6 27. Rc2
Rac8 28. Rxc6 Rxc6 29. f4 Qb5 30. g5 Bf8 31. h4 Qb7 32. h5 Rc5 33. Qe2 Qc7 34.
h6 e5 35. hxg7 Bxg7 36. f5 Qc6 37. Qd3 Bf8 38. Bb2 Qb7 39. Rh1 Rc7 40. Ka1 Rc5
41. Qh3 f6 42. gxf6 Qf7 43. Qg4+ Kh8 44. Rg1 Bh6 45. Kb1 Rc8 46. Qh4 Bf8 47.
Rd1 Rc6 48. Bc1 Rc8 49. Rg1 Ra8 50. Rg2 Rc8 51. Bd2 Rb8 52. Qe1 d5 53. Qg3 dxe4
54. Qxe5 Re8 55. Qd4 h6 56. Rg6 e3 57. Bxe3 Qb7 58. f7+ Kh7 59. fxe8=Q Qh1+ 60.
Rg1 Bg7 61. Qxg7# 1-0

[Event "XXVI Ogolnopolska Olimpiada Mlodziezy"]
[Site "Pulawy"]
[Date "2020.10.09"]
[Round "8.10"]
[White "Jozwik, Michal"]
[Black "Dobosiewicz, Dawid"]
[Result "0-1"]
[WhiteElo "1466"]
[BlackElo "1390"]
[PlyCount "82"]
[EventDate "2020.10.04"]
[EventType "swiss"]
[Tiebreak "Sum of Buchholz+Median1 Buchholz+Sonneborn-Berger (Swiss)"]

1. d4 Nf6 2. c4 e6 3. Nf3 b6 4. g3 Ba6 5. Qa4 c5 6. Bg2 Bb7 7. O-O cxd4 8. Nxd4
Bxg2 9. Kxg2 Bc5 10. Rd1 Bxd4 11. Rxd4 Nc6 12. Rd1 Ne4 13. Be3 f5 14. f3 Nc5
15. Bxc5 bxc5 16. Nc3 Qe7 17. Rd2 O-O 18. Rad1 Rad8 19. Nb5 d5 20. Nc3 Rd6 21.
cxd5 Rfd8 22. Qc4 R6d7 23. d6 Rxd6 24. Rxd6 Rxd6 25. Qxc5 Rxd1 26. Qxe7 Nxe7
27. Nxd1 Kf7 28. Kf2 e5 29. Ke3 Ke6 30. Kd3 Kd6 31. Kc4 Kc6 32. Nc3 Nc8 33. b4
Nd6+ 34. Kd3 Nb7 35. e4 g6 36. exf5 gxf5 37. g4 f4 38. Ke4 Kd6 39. Nb5+ Ke6 40.
a4 a5 41. bxa5 Nc5# 0-1

[Event "XXVI Ogolnopolska Olimpiada Mlodziezy"]
[Site "Pulawy"]
[Date "2020.10.09"]
[Round "8.10"]
[White "Leks, Emilia"]
[Black "Zgoda, Aleksandra"]
[Result "1-0"]
[WhiteElo "1211"]
[BlackElo "1268"]
[PlyCount "73"]
[EventDate "2020.10.04"]
[EventType "swiss"]
[Tiebreak "Sum of Buchholz+Median1 Buchholz+Sonneborn-Berger (Swiss)"]

1. d4 Nf6 2. c4 e5 3. dxe5 Ng4 4. Bf4 Nc6 5. Nf3 Bb4+ 6. Nc3 Qe7 7. Qd5 f6 8.
exf6 Bxc3+ 9. bxc3 Nxf6 10. Qd3 d6 11. Bg5 Be6 12. Rb1 O-O-O 13. e3 h6 14. Bxf6
Qxf6 15. Qd2 g5 16. Be2 Rdf8 17. h3 h5 18. Rf1 Bf5 19. Bd3 Bxh3 20. Rg1 Bxg2
21. Nxg5 Qxg5 22. Be4 Qc5 23. Rxg2 Qxc4 24. Bd5 Qh4 25. Qb2 Ne5 26. Qxb7+ Kd8
27. Qa8+ Ke7 28. Qb7 Kf6 29. Rd1 Nf7 30. Rd4 Qh1+ 31. Ke2 Qc1 32. Rf4+ Ke5 33.
Bxf7 Qc2+ 34. Kf3 Qd1+ 35. Kg3 h4+ 36. Kh2 d5 37. Qxc7# 1-0

[Event "XXVI Ogolnopolska Olimpiada Mlodziezy"]
[Site "Pulawy"]
[Date "2020.10.09"]
[Round "8.11"]
[White "Arciszewska, Zuzanna"]
[Black "Niedorys, Karolina"]
[Result "1-0"]
[WhiteElo "1593"]
[BlackElo "1364"]
[PlyCount "81"]
[EventDate "2020.10.04"]
[EventType "swiss"]
[Tiebreak "Sum of Buchholz+Median1 Buchholz+Sonneborn-Berger (Swiss)"]

1. d4 d5 2. Nf3 Nf6 3. c4 e6 4. cxd5 exd5 5. Bg5 Be7 6. Qc2 O-O 7. Nc3 b6 8. e3
Bb7 9. Bd3 h6 10. Bh4 Nbd7 11. O-O c5 12. b3 Rc8 13. Rac1 cxd4 14. Nxd4 Ba3 15.
Rcd1 Bb4 16. Nde2 Ne5 17. Bf5 Rc5 18. Qb2 Ba6 19. Na4 Bxe2 20. Qxe2 Rc6 21. Qb2
Re8 22. a3 Bf8 23. Nc3 Bxa3 24. Qa1 g5 25. Bg3 Bd6 26. Nxd5 Nxd5 27. Rxd5 Qf6
28. e4 a5 29. Rfd1 h5 30. h3 Kg7 31. Qd4 Bc7 32. Qe3 h4 33. Bh2 Rd8 34. Rxd8
Bxd8 35. Bxe5 Qxe5 36. Rxd8 Qa1+ 37. Kh2 f6 38. Rd7+ Kg8 39. Qd4 Qc1 40. Qd5+
Kh8 41. Rh7# 1-0

[Event "XXVI Ogolnopolska Olimpiada Mlodziezy"]
[Site "Pulawy"]
[Date "2020.10.09"]
[Round "8.11"]
[White "Lewicka, Joanna"]
[Black "Mitrega, Wiktoria"]
[Result "1-0"]
[WhiteElo "1243"]
[BlackElo "1064"]
[PlyCount "115"]
[EventDate "2020.10.04"]
[EventType "swiss"]
[Tiebreak "Sum of Buchholz+Median1 Buchholz+Sonneborn-Berger (Swiss)"]

1. e4 e6 2. d4 d5 3. exd5 exd5 4. Bd3 Bd6 5. Nf3 Nf6 6. O-O O-O 7. Bg5 c6 8.
Nbd2 Bg4 9. c3 Nbd7 10. Qc2 h6 11. Bh4 Qc7 12. Rae1 Rfe8 13. Bg3 Bxg3 14. hxg3
Rxe1 15. Rxe1 Re8 16. Rxe8+ Nxe8 17. Bf5 Bxf5 18. Qxf5 Nef6 19. Ne5 Nxe5 20.
dxe5 Nd7 21. Nf3 a6 22. Kf1 Nc5 23. Nd4 Qe7 24. f4 Ne4 25. Qg4 h5 26. Qh4 Qxh4
27. gxh4 Nc5 28. b3 Kf8 29. Ke2 g6 30. Kf3 Ke7 31. g4 hxg4+ 32. Kxg4 Ne4 33.
Ne2 f5+ 34. Kf3 b5 35. b4 Kd7 36. Ke3 Ke7 37. Kd4 Kd7 38. Nc1 Nd2 39. Ke3 Ne4
40. Kd3 Nf2+ 41. Kd4 Ne4 42. Nb3 Ke7 43. Nc5 Nd2 44. Nxa6 Kd7 45. Nc5+ Ke7 46.
Nd3 Ne4 47. Nc1 Kd7 48. Ne2 Ke7 49. Ke3 Kd7 50. Kf3 Ke7 51. Kg2 Kd7 52. h5 gxh5
53. Kh3 Kc7 54. Kh4 Kd7 55. Kxh5 Ke6 56. Kg6 Kd7 57. Kxf5 Kc7 58. Ke6 1-0